000 00861pam a2200313 a 4500
999 _c113316
_d113316
003 BJBSDDR
005 20230411090600.0
007 ta
008 190930s1989 nyu b 001 0 eng
020 _a0582286700
040 _aDLC
_cDLC
_bspa
041 _aeng
050 0 0 _aPN 4181
_bL479a 1989
082 0 0 _a808.53
_219
100 1 _aLee, Ronald Emery.
_d1944-2018
245 1 0 _aArguing persuasively /
_cRonald Emery Lee, Karen King Lee.
260 _aNew York :
_bLongman,
_cc1989.
300 _aix, 342 p. ;
_c25 cm.
500 _aIncludes index.
504 _aBibliography: p. 325-333.
650 0 _aDebates and debating.
650 4 _aDebates
_98706
650 0 _aReasoning.
650 4 _aRazonamiento
_96476
700 1 _aLee, Karen King.
_98429
906 _a7
_bcbc
_corignew
_d1
_eocip
_f19
_gy-gencatlg
942 _2lcc
_cBK
946 _iLYD